| 000 | 01245nam a2200325 a 4500 | ||
|---|---|---|---|
| 001 | ebr10557171 | ||
| 003 | CaPaEBR | ||
| 006 | m u | ||
| 007 | cr cn||||||||| | ||
| 008 | 110422s2011 dcu sb i000 0 eng d | ||
| 010 | _z 2010551635 | ||
| 020 | _z161635027X | ||
| 020 | _z9781616350277 | ||
| 020 | _z9781455254262 (e-book) | ||
| 040 |
_aCaPaEBR _cCaPaEBR |
||
| 035 | _a(OCoLC)794187471 | ||
| 050 | 1 | 4 |
_aHG1573 _b.P375 2011eb |
| 100 | 1 |
_aParker, David C. _q(David Cameron), _d1955- |
|
| 245 | 1 | 0 |
_aClosing a failed bank _h[electronic resource] : _bresolution practices and procedures / _cDavid C. Parker. |
| 260 |
_aWashington, D.C. : _bInternational Monetary Fund, _cc2011. |
||
| 300 | _ax, 226 p. | ||
| 504 | _aIncludes bibliographical references. | ||
| 533 |
_aElectronic reproduction. _bPalo Alto, Calif. : _cebrary, _d2011. _nAvailable via World Wide Web. _nAccess may be limited to ebrary affiliated libraries. |
||
| 650 | 0 | _aBank failures. | |
| 650 | 0 | _aLiquidation. | |
| 655 | 7 |
_aElectronic books. _2local |
|
| 710 | 2 | _aInternational Monetary Fund. | |
| 710 | 2 | _aebrary, Inc. | |
| 856 | 4 | 0 |
_uhttp://site.ebrary.com/lib/rucke/Doc?id=10557171 _zAn electronic book accessible through the World Wide Web; click to view |
| 999 |
_c90437 _d90437 |
||